| 000 | 00988nam a2200181Ia 4500 | ||
|---|---|---|---|
| 008 | 090630s9999 xx 000 0 und d | ||
| 082 | _b24018 | ||
| 100 | _aबर्नबॉम फिलिस अनु. नरवणे सुधा. | ||
| 245 |
_aटोकियोच्या नभांगणातील चमकत्या तारका. _cबर्नबॉम फिलिस अनु. नरवणे सुधा. |
||
| 260 | _bमेहता पब्लिश हाऊस. | ||
| 300 | _a0 | ||
| 600 | _aबर्नबॉम फिलिस अनु. नरवणे सुधा. | ||
| 630 | _aटोकियोच्या नभांगणातील चमकत्या तारका. | ||
| 655 | _aचरित्र. | ||
| 700 | _aबर्नबॉम फिलिस अनु. नरवणे सुधा. | ||
| 730 | _aटोकियोच्या नभांगणातील चमकत्या तारका. | ||
| 942 | _cBOOK | ||
| 999 |
_c275874 _d275874 |
||